000 00294nam a22001337a 4500
008 171123b xxu||||| |||| 00| 0 eng d
020 _a0135986249
041 _aeng
080 _a62
100 _a27
101 _aINX
245 _aMODERN STRUCTURE ANALYSIS
_cEDWARD.Y
942 _2udc
_cBK
999 _c38390
_d38390